Music Quiz

Random Music or Album Quiz

Barbra Streisand Albums Quiz Stats

Quiz not verified by Sporcle

Challenge
Share
Tweet
Embed
Score 0/60 Timer 20:00
0 Plays Today
Year Album % Correct
1968Funny Girl
94.8%
1974The Way We Were
88.1%
1983Yentl
87.8%
1965My Name Is Barbra
86.9%
1963The Barbra Streisand Album
84.1%
1979Wet
84.1%
1976A Star Is Born
83.5%
1985The Broadway Album
82.9%
1969Hello, Dolly!
82%
1980Guilty
81.7%
1975Funny Lady
79.2%
1963The Second Barbra Streisand Album
78.9%
1964People
78.6%
1977Streisand Superman
78.6%
1966Color Me Barbra
78.3%
1993Back To Broadway
78.3%
1970Barbra Streisand's Greatest Hits
77.1%
1964The Third Album
76.8%
1974ButterFly
72.2%
1971Stoney End
70%
1967Simply Streisand
69.7%
1994Barbra: The Concert
69.7%
1965My Name Is Barbra, Two...
69.4%
1967A Christmas Album
69.4%
1979The Main Event
69.4%
1962I Can Get It For You Wholesale
69.1%
1978Songbird
68.8%
2003The Movie Album
68.2%
1970On A Clear Day You Can See Forever
68.2%
2002Duets
67.9%
Year Album % Correct
1991The Prince of Tides
67.3%
1971Barbra Joan Streisand
65.7%
2009Love Is The Answer
65.4%
1968A Happening In Central Park
65.1%
1981Memories
65.1%
1975Lazy Afternoon
63.9%
1976Classical Barbra
63.9%
1996The Mirror Has Two Faces
63.9%
2005Guilty Pleasures
62.4%
1984Emotion
61.8%
1962Pins And Needles
61.5%
1973Barbra Streisand... And Other Musical Instruments
61.2%
1969What About Today?
59.9%
1987Nuts
59.6%
1987One Voice
59%
1966Je m'appelle Barbra
58.1%
1997Higher Ground
57.5%
1999/2000Timeless: Live In Concert
57.2%
1988Till I Loved You
56.9%
1991Just For The Record...
56.9%
1999A Love Like Ours
55.7%
2001Christmas Memories
54.4%
1971The Owl And The Pussycat
52.3%
2002The Essential Barbra Streisand
48%
1978Barbra Streisand's Greatest Hits Vol. 2
45.9%
1972Live Concert At The Forum
45.3%
1964Funny Girl (Original Broadway Cast)
38.8%
2007Live In Concert 2006
38.2%
1995The Concert: Highlights
35.2%
1989A Collection: Greatest Hits And More
33.6%

You're not logged in!

Compare scores with friends on all Sporcle quizzes.
Join for Free
OR
Log In

You Might Also Like...

Show Comments

Extras

Top Quizzes Today


Score Distribution

Your Account Isn't Verified!

In order to create a playlist on Sporcle, you need to verify the email address you used during registration. Go to your Sporcle Settings to finish the process.

Report this User

Report this user for behavior that violates our Community Guidelines.

Details: